000 00732nam a2200241Ia 4500
003 GCL
008 140319s9999 xx 000 0 ara d
040 _aGCL /
_cGCL
082 0 4 _a759.962
_bر ع
100 1 _aحلمى التونى
245 1 0 _aعبدالهادى الجزار ABDEL HADI ALGAZZAR /
_cحلمى التونى
700 1 _aروسيون الان كريستين
700 1 _aجاكمون ، ريشار
260 _a[S.N] :
_bدار المستقبل العربى ،
_c1990
300 _a216 ص
490 _a
650 0 4 _aالفن
650 0 4 _aالرسم
650 0 4 _aالفن الحديث
650 0 4 _aالرسامون
650 0 4 _aعبدالهادى الجزار 1925 - 1966
942 _2ddc
_cBK
999 _c35888
_d35888